000 02091nam a2200481 c 4500
003 BLK
005 20180422105237.0
008 180409b bul|||||r ||||||| ||bul||
010 _aKNG00104157000
020 _a954-8517-33-7
_bиздат.: ICON
040 _aBLK
041 _aBUL
_cBUL
080 _aОбща световна история. История на света
_b930.9
_x
_z930.9
080 _aОбща геология. Метеорология. Климатология. Историческа геология. Стратиграфия. Палеогеография
_b551
_x
_z551
080 _aАварии и произшествия в транспорта. Оказване на помощ. Вж и 614.8
_b656.08
_x
_z656.08
080 _aМедицина
_b61
_x
_z61
080 _aПолитика. Вж и 341 ; 342
_b32
_x
_z32
700 1 _aGuillemot, Michel
_eотг. ред.
_911956
700 1 _aCriton, Martine
_eотг. ред.
_97759
700 1 _aАтанасов, Милен
_eпрев. от фр.
_9366719
700 1 _aТодоров, Стефан
_eпрев. от фр.
_9366288
139 _aГолемите трагедии
_bГ 63
245 1 0 _aГолемите трагедии
_cотг. ред. Michel Guillemot; отг. ред. Martine Criton; прев. от фр. Милен Атанасов; прев. от фр. Стефан Тодоров.
257 _aFRA
260 София
_bICON
_c2002
_fСофия : Д. Благоев
300 _a320 с.
_bс ил.
_c29 см
380 _a9
490 1 _aLarousse
490 1 _3Подсерия
_aПаметта на човечеството
500 _aОфс. изд. - Съдържа и Индекс.
650 4 _aИстория, световна
_9261939
650 4 _aКатастрофи
_9158365
650 4 _aБедствия
_9148215
653 _aбедствия
653 _aкатастрофи
653 _aвойни
653 _aболести
852 _aЦб ІІ 11782
856 4 _qpdf
_u
856 4 _qpdf
_u
942 _cKNG
_n0
944 _aCR
_c01.01.2002
_kГеновева_Генчева
944 _aED
_c19.05.2004
_k
999 _c99158
_d99158